• 首页
  • 本馆介绍
  • 公告通知
  • 最新文献
  • 馆藏检索
  • 电子资源
  • 读者导购
  • 参考咨询
  • 我的图书馆
  • 登录
  • 详细信息显示
  • 放入我的书架
  • 预约/预借图书
  • 作者相关作品
  • 分类相关作品
  • 丛书相关作品
  • 出版社相关作品

书目信息

  • 表格格式
  • 工作单格式
  • 卡片格式
题名:
自然规律中蕴蓄的统一性
    
 
作者: 泰勒 著 ;暴永宁 译
分册:  
出版信息: 北京   北京理工大学出版社  2004
页数: 13,534页
开本: 20cm
丛书名: 盗火者译丛
单 册:
中图分类: O4-49 , N49
科图分类:
主题词: 自然科学--普及读物--普及读物
电子资源:
ISBN: 7-5640-0221-2
000 01132oam2 2200301 450
001 1558859234
005 20150118162154.21
010    @a7-5640-0221-2@dCNY34.00
100    @a20040617d2004 em y0chiy50 ea
101 1  @achi@ceng
102    @aCN@b110000
105    @ay z 001yy
200 1  @a自然规律中蕴蓄的统一性@9zi ran gui lv zhong yun xu de tong yi xing@f(美)约翰· C.泰勒著@g暴永宁译
210    @a北京@c北京理工大学出版社@d2004
215    @a13,534页@d20cm
225 2  @a盗火者译丛
305    @a据剑桥大学出版社Hidden Unity in Nature's Laws2001年版翻译
308    @a丛书第一批
330    @a本书是物理学的普及读物,对物理学的核心,即在人类的生存环境中“探求并发现将知识统一到一起并实现简化的优美定律”进行研究,介绍了迄今为止物理学中所有重要的概念与发展过程。
461  0 @12001 @a盗火者译丛
510 1  @aHidden Unity in Nature's Laws@zeng
606 0  @a自然科学@j普及读物@x普及读物
690    @aO4-49@v5
690    @aN49@v4
701  0 @c(美)@a泰勒@9tai le@c(Taylor, John Clayton@f1930~)@4著
702  0 @c(加)@a暴永宁@9bao yong ning@f(1944~)@4译
801  0 @aCN@bTSSF@c20150118
905    @aZUCC@dN49@eJY160
    
    自然规律中蕴蓄的统一性/(美)约翰· C.泰勒著/暴永宁译.-北京:北京理工大学出版社,2004
    13,534页;20cm.-(盗火者译丛)
    
    
    ISBN 7-5640-0221-2:CNY34.00
    本书是物理学的普及读物,对物理学的核心,即在人类的生存环境中“探求并发现将知识统一到一起并实现简化的优美定律”进行研究,介绍了迄今为止物理学中所有重要的概念与发展过程。
●
相关链接 在E读中查询图书 在五车中查询图书 在当当中查询图书 在豆瓣中查询图书


正题名:自然规律中蕴蓄的统一性     索取号:N49/JY160         预约/预借

序号 登录号 条形码 馆藏地/架位号 状态 备注
1 7848825   278488254   学院路分馆/ [索取号:N49/JY160] 在馆    
2 7848826   278488263   学院路分馆/ [索取号:N49/JY160] 在馆    
3 7848827   278488272   学院路分馆/ [索取号:N49/JY160] 在馆    
4 7848828   278488281   学院路分馆/ [索取号:N49/JY160] 在馆    
唐山师范学院图书馆 欢迎您!
大连网信软件有限公司© 版权所有